00494nam a2200169 a 450000100100000000500170001000800410002702000150006804000250008310000170010824000410012524500450016625000110021126000390022230000290026150000340029000004066820201002034306.0130905s2002 sp a 000 0 spa d a8425216435 aDO-SdBNPbspacBNPHU1 aWong, Wucius10aPrinciples of form desinglEspañol10aFundamentos del diseño /cWucius Wong. a5a ed. aBarcelona :bGustavo Gilli,c2002. a348 p. :bils. ;c25 cm. aTraducido del idioma inglés